000 00690nam a2200241 i 4500
001 10460
003 ES-MaACL
005 20240418063053.0
007 t|
008 950627s1994 sp |||| | spa d
020 _a84-264-2780-4
080 _a86-195"19"
100 1 _aPexegueiro, Alfonso.
_991584
245 1 3 _aEl lago de las garzas azules
_b: cuento de Europa, niños de África /
_cAlfonso Pexegueiro.
250 _a1ª ed.
260 _aBarcelona :
_bLumen,
_c1994.
300 _a82 p. ;
_c22 cm.
490 1 _aPoesía ;
_v80
830 0 _aPoesía (Editorial Lumen) ;
_v80
_9180356
852 _aES-MaACL
_jL-17887
942 _2udc
999 _c10460
_d10460